Statistiques concernant Top 100 des jeux NES

Cliquez ici pour prendre le quiz!

Statistiques générales

  • Ce quiz a été pris 145 fois
  • Le résultat moyen est 13 sur 100

Statistiques - réponses

#Jeux% Correct
3Super Mario Bros
99%
91Mario Bros
88%
2The Legend of Zelda
72%
1Super Mario Bros. 3
56%
18Super Mario Bros. 2
52%
6Metroid
42%
27Kirby's Adventure
40%
21Zelda II: The Adventure
of Link
40%
48Tetris (Tengen)
39%
77Duck Hunt
38%
30Mega Man
33%
19Castlevania
28%
79Ice Climber
25%
20Kid Icarus
25%
4Mega Man 2
24%
84Mega Man 5
24%
16Mega Man 3
23%
95Mega Man 4
23%
58Mega Man 6
23%
7Mike Tyson's Punch-Out!!
23%
11Final Fantasy
21%
14Excitebike
20%
98Teenage Mutant Ninja Turtles
20%
25Castlevania II
19%
51Dr. Mario
19%
5Castlevania III
18%
10Duck Tales
18%
12Contra
14%
26Metal Gear
14%
33Batman: The Video Game
13%
83Double Dragon II
13%
40Battletoads
12%
17Ninja Gaiden
12%
71Chip 'N Dale: Rescue Rangers
11%
34Gradius
11%
8Dragon Warrior
8%
96Dragon Warrior III
8%
36Faxanadu
8%
54Ghosts 'N Goblins
8%
35StarTropics
8%
23Bubble Bobble
7%
55Double Dragon III
7%
62Kung Fu
7%
100Ice Hockey
6%
93Little Samson
6%
39Dragon Warrior IV
5%
72Ikari Warriors
5%
94Kickle Cubicle
5%
43Ninja Gaiden II
5%
82Power Blade
5%
99Rush'n Attack
5%
59Rygar
5%
32Snake Rattle 'n' Roll
5%
56Wizards & Warriors
5%
74A Boy and His Blob
4%
97Astyanax
4%
76Battletoads & Double Dragon
4%
24Blades of Steel
4%
81Journey to Silius
4%
85Lode Runner
4%
61Maniac Mansion
4%
67Qix
4%
57Rad Racer
4%
78Ring King
4%
92Skate or Die 2
4%
41Teenage Mutant Ninja Turtles II
4%
75The Goonies II
4%
29Adventure Island II
3%
52Adventures of Lolo 3
3%
28Baseball Stars
3%
9Bionic Commando
3%
22Blaster Master
3%
66Cobra Triangle
3%
42Crystalis
3%
80Demon Sword
3%
45Fester's Quest
3%
63Gargoyle's Quest II
3%
64IronSword: Wizards & Warriors II
3%
37Jackal
3%
49Kid Niki: Radical Ninja
3%
44Klax
3%
38Life Force
3%
68Little Nemo
3%
46Metal Storm
3%
86Mickey Mousecapade
3%
31Micro Machines
3%
13R.C. Pro-Am
3%
15River City Ransom
3%
90Section Z
3%
50Shadowgate
3%
73Spy Hunter
3%
65Stinger
3%
60Super C
3%
53Tecmo Super Bowl
3%
69Tecmo World Wrestling
3%
87The Guardian Legend
3%
47Vice: Project Doom
3%
89Willow
3%
88Zombie Nation
3%
70Legendary Wings
2%

Distribution des résultats

Percentile par nombre de réponses

% des personnes avec chaque résultat

Votre développement - résultats

Vous n’avez pas pris ce quiz